| 000 | 00558nam a2200181 a 4500 | ||
|---|---|---|---|
| 003 | PILC | ||
| 005 | 20150112093444.0 | ||
| 008 | 100722s19uu xx 00 eng d | ||
| 020 | _a0131008374 | ||
| 050 |
_aHD 30.28 _b.D249 2003 |
||
| 082 |
_aP 658.4 _bD28sm 2003 |
||
| 100 |
_aDavid, Fred R. _916846 |
||
| 245 |
_aStrategic management : _bConcepts and cases / _cFred R. David and Forest R. David |
||
| 260 |
_aNew Jersey : _bPrentice Hall International, _c2003. |
||
| 300 |
_a432 pages : _c27 cm. |
||
| 650 |
_aManagement strategy _916728 |
||
| 942 |
_2lcc _cBK |
||
| 999 |
_c14858 _d14858 |
||